Herramientas de investigación social : guía práctica del método genealógico /

Acercamiento teórico-práctico al método genealógico de investigación que consiste en recolectar, a través de la encuesta antropológica, información específica sobre los integrantes de una comunidad, para su posterior análisis y presentación de los datos. El autor acompaña su exposición con un caso p...

Descrición completa

Gardado en:
Detalles Bibliográficos
Autor Principal: Davinson Pacheco, Guillermo (autor)
Formato: Libro
Idioma:Lingua castelá
Publicado: México : Temuco, Chile : Universidad Iberoamericana, Plantel Santa Fe ; Universidad de la Frontera, 2006, c2006
Temas:
Etiquetas: Engadir etiqueta
Sen Etiquetas, Sexa o primeiro en etiquetar este rexistro!

MARC

LEADER 00000nam^a2200000^a^4500
001 000189894
005 20250521000000.0
009 20260310102429.366
020 |a 968-859-591-8 
037 |a Acervo ITESO - Biblioteca 
041 |a ESP 
082 |a 300. 1  |b DAV 
100 |a Davinson Pacheco, Guillermo  |e (autor) 
245 1 0 |a Herramientas de investigación social :  |b guía práctica del método genealógico /  |c G. Davinson Pacheco. 
264 4 |a México :  |b Universidad Iberoamericana, Plantel Santa Fe ;  |a Temuco, Chile :  |b Universidad de la Frontera,  |c 2006, c2006 
300 |a 132 p. 
336 |a texto  |b txt  |2 rdacontenido 
337 |a sin mediación  |b n  |2 rdamedio 
338 |a volumen  |b nc  |2 rdasoporte 
520 |a Acercamiento teórico-práctico al método genealógico de investigación que consiste en recolectar, a través de la encuesta antropológica, información específica sobre los integrantes de una comunidad, para su posterior análisis y presentación de los datos. El autor acompaña su exposición con un caso práctico aplicado a la comunidad indígena de San Felipe Cuauhtenco, Tlaxcala, México. 
649 |a XX 
650 |a Indígenas de México -  |z Tlaxcala 
650 |a Encuesta 
650 |a Recolección de Datos 
650 |a Análisis de Datos 
650 |a Sociología -  |x Investigación -  |x Tema Principal 
650 |a Sociología -  |x Metodología 
910 |a Fondo General 
920 |a Impresos - Libros 
930 |a Colección General 
905 |a 101 
901 |a 0500133238  |b IT1  |c ACC  |u 20250521 
902 |a https://opac.biblio.iteso.mx/vufind/Record/000189894